Statistics for Flags of Canadian Provinces

Click here to take the quiz!

General Stats

  • This quiz has been taken 1,141 times
  • The average score is 11 of 13

Answer Stats

FlagProvince/Territory% Correct
Quebec
96%
Ontario
92%
British Columbia
91%
Nunavut
88%
Nova Scotia
87%
Alberta
85%
Manitoba
85%
Prince Edward Island
84%
Saskatchewan
84%
New Brunswick
82%
Newfoundland and Labrador
82%
Yukon
82%
Northwest Territories
80%

Score Distribution

Percentile by Number Answered

Percent of People with Each Score

Your Score History

You have not taken this quiz